LEADER 01283nam0 22003373i 450 001 UFI0083768 005 20231121125904.0 010 $a8833950824 010 $a9788833950822$bRistampa 2015 100 $a20151125d1978 ||||0itac50 ba 101 | $aita 102 $ait 181 1$6z01$ai $bxxxe 182 1$6z01$an 200 1 $a˜La œdepressione$fAaron T. Beck 210 $aTorino$cBoringhieri$dc1978 215 $a446 p.$d21 cm. 225 | $aProgramma di psicologia, psichiatria, psicoterapia$i. Sez. B, Psicologia clinica, psichiatria e psicoterapia 410 0$1001RAV0177036$12001 $aProgramma di psicologia, psichiatria, psicoterapia$i. Sez. B, Psicologia clinica, psichiatria e psicoterapia 500 10$aDepression .$3SBL0288812$9MILV014505$92624248 606 $aDepressione$2FIR$3RMLC257575$9I 676 $a616.85$9$v21 700 1$aBeck$b, Aaron T.$3MILV014505$4070$0261042 801 3$aIT$bIT-01$c20151125 850 $aIT-FR0017 899 $aBiblioteca umanistica Giorgio Aprea$bFR0017 $eN 912 $aUFI0083768 950 0$aBiblioteca umanistica Giorgio Aprea$d 52MAG AC 12$e 52DSS0000003335 VMN RS $fA $h20151125$i20151125 977 $a 52 996 $aDepression$92624248 997 $aUNICAS LEADER 01911nam0 22004693i 450 001 VAN0211940 005 20230612104551.600 017 70$2N$a9783319973340 100 $a20210914d2018 |0itac50 ba 101 $aeng 102 $aCH 105 $a|||| ||||| 200 1 $aTopology in Magnetism$fJiadong Zang, Vincent Cros, Axel Hoffmann editors 210 $aCham$cSpringer$d2018 215 $axiv, 416 p.$cill.$d24 cm 410 1$1001VAN0025294$12001 $aSpringer series in solid-state sciences$1210 $aBerlin [etc.]$cSpringer$v192 500 1$3VAN0211941$aTopology in Magnetism$91867715 606 $a54-XX$xGeneral topology [MSC 2020]$3VANC020587$2MF 606 $a00A79 (77-XX)$xPhysics [MSC 2020]$3VANC023182$2MF 610 $aBerry's Phase$9KW:K 610 $aBulk skyrmions$9KW:K 610 $aDynamics in magnetic systems$9KW:K 610 $aFrustrated Magnetism$9KW:K 610 $aSpin Hall effect$9KW:K 610 $aThin-film skyrmions$9KW:K 610 $aTopological Insulator$9KW:K 610 $aTopology of electronic band structure$9KW:K 610 $amagnetic solitons$9KW:K 610 $aspin textures$9KW:K 620 $aCH$dCham$3VANL001889 702 1$aCros$bVincent$3VANV182407 702 1$aHoffmann$bAxel$3VANV182408 702 1$aZang$bJiadong$3VANV182406 712 $aSpringer $3VANV108073$4650 801 $aIT$bSOL$c20240614$gRICA 856 4 $uhttp://doi.org/10.1007/978-3-319-97334-0$zE-book ? Accesso al full-text attraverso riconoscimento IP di Ateneo, proxy e/o Shibboleth 899 $aBIBLIOTECA DEL DIPARTIMENTO DI MATEMATICA E FISICA$1IT-CE0120$2VAN08 912 $fN 912 $aVAN0211940 950 $aBIBLIOTECA DEL DIPARTIMENTO DI MATEMATICA E FISICA$d08CONS e-book 3748 $e08eMF3748 20210914 996 $aTopology in Magnetism$91867715 997 $aUNICAMPANIA